000 00627nam a22001817a 4500
999 _c13641
_d13641
008 190329b ||||| |||| 00| 0 eng d
020 _a9781782179740
082 _22013
_aAV-Eb 658.472
_bR318
100 _aRedmond, Stephen.
_937990
245 _aQlikView for developers cookbook /
_cStephen Redmond
260 _bPackt Publishing Ltd,
_c©2013.
300 _a336 pages;
500 _aIncludes index.
650 _aApplication software -- Development.
_910602
650 _aBusiness intelligence.
_93865
856 _yhttps://ebookcentral.proquest.com/lib/uniofmindanao-ebooks/detail.action?docID=1192682
942 _2ddc
_cEB